| 000 | 00504nam a22001457a 4500 | ||
|---|---|---|---|
| 082 | _a621 | ||
| 100 | _aAli, Muhammad Hamid | ||
| 245 |
_aNon-Destructive Structural Strength Monitoring using Micro Electro Mechanical System (MEMS) / _cMuhammad Hamid Ali |
||
| 260 |
_aIslamabad : _bCEME - NUST, _c2015. |
||
| 300 |
_a59 p. ; _c30cm. |
||
| 650 |
_aMechatronics Engineering-MS-Thesis _916096 |
||
| 700 |
_aDr. Umer Izhar _929344 |
||
| 942 |
_2ddc _cTHE |
||
| 999 |
_c537077 _d537077 |
||